Falsafah ketuhanan

Bibliographic Details
Main Author: Hamka , Prof.Dr
Format: Book
Published: Selangor : Pustaka Dini , 2006
Subjects:

MARC

LEADER 00000cam a2200000 7i4500
001 0000013430
005 20090121.0
008 080114
020 |a 9839422766 
090 0 0 |a 297.211   |b HAM 
100 0 |a Hamka ,   |d Prof.Dr. 
245 1 0 |a Falsafah ketuhanan   |c Prof.Dr.Hamka 
260 |a Selangor :   |b Pustaka Dini ,   |c 2006 
650 0 |a God (Islam) 
650 0 |a Islam   |x Doctrines 
999 |a 0001005435   |b Book   |c Adult Collection   |e Perbadanan Perpustakaan Awam Johor 
999 |a 0001005436   |b Book   |c Adult Collection   |e Perbadanan Perpustakaan Awam Johor 
999 |a 0001005437   |b Book   |c Adult Collection   |e Cawangan Bandar Penawar